Dubliners

Αποθηκεύτηκε σε:
Λεπτομέρειες βιβλιογραφικής εγγραφής
Κύριος συγγραφέας: Joyce, James, 1882-1941
Άλλοι συγγραφείς: Brown, Terence, 1944- (Συγγραφέας εισαγωγής κ.λπ.)
Μορφή: Βιβλίο
Γλώσσα:English
Δημοσίευση: London : Penguin Books, 1992.
Σειρά:Penguin tewntieth century classics
Θέματα:
Ετικέτες: Προσθήκη ετικέτας
Δεν υπάρχουν, Καταχωρήστε ετικέτα πρώτοι!

MARC

LEADER 00000cam a2200000 i 4500
001 1/1721
008 000418s1992 enk| ||| |||| ||eng||
020 |a 0140185542 
035 |l 10060129 
040 |a GR-MyUa  |b gre  |e AACR2 
041 0 |a eng 
082 7 |a 823.912   |2 (22) 
100 1 |a Joyce, James,   |d 1882-1941. 
245 1 0 |a Dubliners /   |c James Joyce ; with an introduction and notes by Terence Brown. 
260 |a London :   |b Penguin Books,   |c 1992. 
300 |a 317 σ. ;   |c 18 εκ. 
490 1 |a (Penguin twentieth century classics) 
650 0 0 |a English literature  |x Irish authors. 
650 0 0 |a English fiction  |x Irish authors. 
700 1 |a Brown, Terence,   |d 1944-  |e aui 
830 0 |a Penguin tewntieth century classics 
852 |a INST  |b LESVOS  |e 20000418  |h 823.912 JOY  |p 005100020432  |q 005100020432  |t BK  |y 0 
901 |a BIBL1-2000-1 
970 |z 2000/06/ELIDOC 
970 |a ΑΙΒΑΤΖΙΔΟΥ  |b ΕΛΕΝΗ  |z 2000/04/18